| 000 | 00519nam a22001817a 4500 | ||
|---|---|---|---|
| 003 | JO-AjAnu | ||
| 005 | 20241022085959.0 | ||
| 008 | 241020b jo ||||| |||| 00| 0 ara d | ||
| 020 | _a1-090-78879-1-978 | ||
| 040 | _cGardens & Landscapes | ||
| 041 | _hENG | ||
| 100 |
_aEmslie, Sara _eAuthor _966363 |
||
| 245 |
_aSmall Space Style : selver Ideas for Comact Interiors _c / Sara Emslie |
||
| 260 |
_aLondon : _cRyland Peters & Small, _b2014 |
||
| 300 | _a159: pages | ||
| 650 | _vSpace Style | ||
| 942 |
_2lcc _cBK _n0 |
||
| 999 |
_c33787 _d33787 |
||